000 00676cab a2200205 4500
001 WB3345-45
008 090401t1997 xxu||||| |||| 00| 0 eng d
035 _a(Sirsi) u82273
041 _aeng
245 _aNew forum to promote valuation
260 _c1997
350 _a0
490 _aCSM
_bChartered Surveyor Monthly
_v7(3) November/december 1997, 8(1)
520 _aThe new Property Valuation Forum aims to promote greater awareness of property valuation methods and their applications.
650 _aPROPERTY VALUATION FORUM
650 _aVALUATION METHODS
690 _aMANAGEMENT-BUSINESS MANAGEMENT-PROFESSIONAL PRACTICE
942 _n0
948 _c21/11/1997
999 _c51914
_d51914